| 000 | 00387nam a2200169Ia 4500 | ||
|---|---|---|---|
| 100 | _aDaryanani/Gobind | ||
| 650 | _aNetwork circuits | ||
| 942 | _cBK | ||
| 366 | _f25 | ||
| 654 | _aactive network | ||
| 245 | _aPrinciples of active network synthesis and design | ||
| 260 |
_bWiley India _c2003 |
||
| 082 |
_a632.319 _bDAR |
||
| 300 | _a495 | ||
| 546 |
_aENGLISH _cTTL |
||
| 999 |
_c28635 _d28635 |
||